000 00458nam a2200169 a 4500
001 2017
005 20180713182029.0
008 140415s1945 sp 000 0 spa d
041 _aspa
082 _a128
_bCUE
100 1 _aCUESTA, SALVADOR
245 1 3 _aEL EQUILIBRIO PASIONAL EN LA DOCTRINA ESTOICA Y EN LA...
250 _a1a ed.
260 _aESPAÑA :
_bCSIC,
_c1945
300 _a295
650 1 4 _aANTROPOLOGIA FILOSOFICA
_xONTOLOGIA
999 _c2017
_d2017